|
|
|
|
| LEADER |
00776nam a22001931 4500 |
| 001 |
c000355562 |
| 003 |
CARM |
| 005 |
00000000000000.0 |
| 008 |
851029s1957 gw 0 ger d |
| 019 |
1 |
|
|a 4018891
|5 LACONCORD2021
|
| 035 |
|
|
|a (OCoLC)216267196
|5 LACONCORD2021
|
| 100 |
1 |
|
|a Ackerknecht, Erwin H.
|q (Erwin Heinz),
|d 1906-
|
| 245 |
1 |
0 |
|a Rudolf Virchow :
|b Arzt, Politiker, Anthropologe /
|c von E.H.Ackerknecht. Ubersetzt von J.Wieries.
|
| 260 |
|
|
|a Stuttgart :
|b Enke,
|c 1957.
|
| 600 |
1 |
0 |
|a Virchow, Rudolf,
|d 1821-1902.
|
| 852 |
8 |
|
|b CARM
|h A2:AJ08H0
|i C08932
|p 0309704
|f BK
|
| 082 |
0 |
4 |
|a 610.92
|
| 999 |
f |
f |
|i aec75517-c8f2-5797-a583-8fed63c954a0
|s bbe863e4-6a11-5254-90ae-b96e0d534819
|
| 952 |
f |
f |
|p Can circulate
|a CAVAL
|b CAVAL
|c CAVAL
|d CARM 1 Store
|e C08932
|f A2:AJ08H0
|h Other scheme
|i book
|m 0309704
|